Statistics for Kikuka Sho Winning Horse

Click here to take the quiz!

General Stats

  • This quiz has been taken 2 times
  • The average score is 26 of 84

Answer Stats

Answer% Correct
Biwa Hayahide ビワハヤヒデ
100%
Deep Impact ディープインパクト
100%
Gold Ship ゴールドシップ
100%
Kitasan Black キタサンブラック
100%
Manhatten Cafe マンハッタンカフェ
100%
Matikanefukukitaru マチカネフクキタル
100%
Mayano Top Gun マヤノトップガン
100%
Mejiro McQueen メジロマックイーン
100%
Mr C.B. ミスターシービー
100%
Narita Brian ナリタブライアン
100%
Narita Top Road ナリタトップロード
100%
Orfevre オルフェーヴル
100%
Rice Shower ライスシャワー
100%
Satono Diamond サトノダイヤモンド
100%
Seiun Sky セイウンスカイ
100%
Super Creek スーパークリーク
100%
Symboli Rudolf シンボリルドルフ
100%
Air Shakur エアシャカール
50%
Akane Tenryu アカネテンリュウ
50%
Asaka O アサカオー
50%
Asakusa Kings アサクサキングス
50%
Ask Victor More アスクビクターモア
50%
Dance in the Dark ダンスインザダーク
50%
Durezza ドゥレッツァ
50%
Green Grass グリーングラス
50%
Kitano O キタノオー
50%
Meiji Hikari メイヂヒカリ
50%
Mejiro Durren メジロデュレン
50%
Miho Shinzan ミホシンザン
50%
Sakura Star O サクラスターオー
50%
Shinzan シンザン
50%
Song of Wind ソングオブウインド
50%
Take Hope タケホープ
50%
Titleholder タイトルホルダー
50%
World Premiere ワールドブレミア
50%
Azuman Tenran アズマンテンラン
0%
Azumarai アヅマライ
0%
Bamboo Begin バンブービギン
0%
Big Week ビッグウィーク
0%
Browny ブラウニー
0%
Contrail オントレイル
0%
Dai Koter ダイコーター
0%
Dainana Hoshu ダイナナホウシユウ
0%
Date Tenryu ダテテンリュウ
0%
Delta Blues デルタブルース
0%
Epiphaneia エビファネイア
0%
Fierement フィエールマン
0%
Great Yoruka グレートヨルカ
0%
Hakukurama ハククラマ
0%
Hakuryo ハクリヨオー
0%
Hashi Hermit ハシハーミット
0%
Hayatake ハヤタケ
0%
High Record ハイレコード
0%
Hirokimi ヒロキミ
0%
Hishi Miracle ヒシミラクル
0%
Horisky ホリスクー
0%
Inter Gushiken インターグシケン
0%
Ishino Hikaru イシノヒカル
0%
Kiseki キセキ
0%
Kitano Kachidoki キタノカチドキ
0%
Kitano Oza キタノオーザ
0%
Knit Eight ニツトエイト
0%
Kokusai Prince コクサイプリンス
0%
Koma Hikari コマヒカリ
0%
Kurifuji クリフジ
0%
Leo Durban レオダーバン
0%
Marutake マルタケ
0%
Minagawa Manna ミナガワマンナ
0%
Nasuno Kotobuki ナスノコトブキ
0%
Newford ニユーフオード
0%
Nihon Pollow Moutiers ニホンピロムーテー
0%
North Gust ノースガスト
0%
Oken Bruce Lee オウケンブルースり
0%
Press Toko プレストウコウ
0%
Rhapsody ラプソデー
0%
Saint O セントオー
0%
St Lite セントライト
0%
Tetsumon テツモン
0%
Tetsuzakura テツザクラ
0%
That's the Plenty ザッツザプレンティ
0%
Three Rolls スリーロールス
0%
Toho Jackalトー ホウジャッカル
0%
Tosa Midori トサミドリ
0%
Track O トラツクオー
0%

Score Distribution

Percentile by Number Answered

Percent of People with Each Score

Your Score History

You have not taken this quiz